[Event "Mittelrhein Verbandsliga-W 16/17"]
[Site "Nordrheinwestfalen"]
[Date "2016.12.18"]
[Round "5.8"]
[White "Klein, Gernot"]
[Black "Budelsky, Dietmar"]
[Result "1/2-1/2"]
[WhiteElo "1793"]
[BlackElo "1826"]
[PlyCount "135"]
[EventDate "2016.09.11"]
[EventType "team-tourn"]
[EventRounds "11"]
[EventCountry "GER"]
[SourceTitle "EXT 2022"]
[Source "ChessBase"]
[SourceDate "2021.10.06"]
[SourceVersion "1"]
[SourceVersionDate "2021.10.06"]
[SourceQuality "1"]
[WhiteTeam "Aachen PTSV"]
[BlackTeam "Pulheim"]
[WhiteTeamCountry "GER"]
[BlackTeamCountry "GER"]

1. e4 e6 2. Qe2 b6 3. Nf3 Bb7 4. g3 d6 5. Bg2 Nd7 6. 0-0 Ngf6 7. d3 Be7 8. Re1 0-0 9. Nbd2 c5 10. Nf1 Qc7 11. h4 Rac8 12. Bd2 a6 13. N1h2 b5 14. Ng5 h6 15. Ngf3 e5 16. Bh3 Rb8 17. Ng4 Nxg4 18. Bxg4 Nf6 19. Bf5 Bc8 20. Bxc8 Qxc8 21. Nh2 Nh7 22. Nf1 f5 23. exf5 Qxf5 24. Ne3 Qf7 25. Ng4 h5 26. Ne3 Qg6 27. Ng2 Rfe8 28. a4 b4 29. c3 a5 30. cxb4 cxb4 31. Rac1 Rec8 32. d4 Qf5 33. dxe5 Rxc1 34. Rxc1 dxe5 35. Ne3 Qf7 36. Qc4 Rd8 37. Qxf7+ Kxf7 38. Nc4 Rd5 39. Be3 Ke6 40. Kf1 Bc5 41. Ke2 Nf6 42. f3 Ne8 43. Bg5 Bd4 44. b3 Kf5 45. Ne3+ Bxe3 46. Bxe3 Nf6 47. Rc7 Nd7 48. Rc8 g6 49. Rc6 Nb8 50. Rb6 Nd7 51. Rb5 Rxb5 52. axb5 Ke6 53. Kd3 Kd5 54. b6 Kc6 55. Ke4 a4 56. bxa4 b3 57. Kd3 Nf6 58. a5 Nd5 59. Bc1 Kb5 60. b7 Nb4+ 61. Kc3 Nc6 62. Kxb3 Nxa5+ 63. Kc3 Nxb7 64. Kd3 Kc5 65. g4 Kd5 66. Ba3 Nd8 67. Ke3 Ne6 68. Bb2 1/2-1/2

[Event "Regionalliga Mittelrhein 1213"]
[Site "Germany"]
[Date "2013.05.05"]
[Round "10.8"]
[White "Budelsky, Dietmar"]
[Black "Biedekoepper, Robert"]
[Result "1/2-1/2"]
[WhiteElo "1866"]
[BlackElo "2029"]
[PlyCount "177"]
[EventDate "2012.09.09"]
[EventType "team"]
[EventRounds "11"]
[EventCountry "GER"]
[SourceTitle "EXT 2015"]
[Source "ChessBase"]
[SourceDate "2014.11.20"]
[SourceVersion "1"]
[SourceVersionDate "2014.11.20"]
[SourceQuality "1"]
[WhiteTeam "Pulheim"]
[BlackTeam "Godesberg II"]
[WhiteTeamCountry "GER"]
[BlackTeamCountry "GER"]

1. d4 Nf6 2. Nf3 g6 3. Bg5 Bg7 4. Nbd2 h6 5. Bh4 c5 6. c3 b6 7. e3 Bb7 8. Bd3 d6 9. 0-0 Nbd7 10. h3 0-0 11. Qe2 Re8 12. Rac1 Qc7 13. Bg3 Rad8 14. e4 Nh5 15. Bh2 e5 16. dxe5 dxe5 17. g3 Nb8 18. Rfd1 Nc6 19. Nf1 Qc8 20. Kg2 a6 21. Ne3 b5 22. b3 Ne7 23. Bb1 Qa8 24. Rxd8 Rxd8 25. Rd1 Rxd1 26. Qxd1 Bxe4 27. Bxe4 Qxe4 28. Qd6 Qb7 29. Qxc5 Kh7 30. c4 Nf6 31. Qxe5 Ne4 32. Qf4 f5 33. Nd5 Nxd5 34. cxd5 Qxd5 35. g4 fxg4 36. hxg4 Ng5 37. Bg3 Be5 38. Qxe5 Qxf3+ 39. Kh2 Qxf2+ 40. Bxf2 Nf3+ 41. Kg3 Nxe5 42. Bb6 g5 43. a4 bxa4 44. bxa4 Kg6 45. Bd4 Nc6 46. Bc3 Ne7 47. Kf3 Nd5 48. Bd4 Nf6 49. Bc3 Kf7 50. Bd4 Ke6 51. Bc3 Nd7 52. Bg7 Nc5 53. a5 Nb7 54. Bc3 Nd6 55. Bg7 Nc4 56. Bc3 Ne5+ 57. Kg3 Kd5 58. Bb2 Ke4 59. Bc3 Kd5 60. Bb2 Ke6 61. Bc3 Nd7 62. Kf3 Nf6 63. Bd4 Kf7 64. Bc3 Nd5 65. Bd4 Kg6 66. Ke4 Nf6+ 67. Kf3 h5 68. gxh5+ Nxh5 69. Kg4 Nf6+ 70. Kg3 Kf5 71. Bb6 Ne4+ 72. Kg2 Kf4 73. Bc7+ Ke3 74. Bd8 g4 75. Bc7 Kd3 76. Bd8 Kc4 77. Bc7 Kd5 78. Bb6 Kc6 79. Bd8 Kb5 80. Bc7 Kc4 81. Bd8 Kd5 82. Bc7 Kc6 83. Bd8 Kb5 84. Bc7 Nd2 85. Kg3 Nc4 86. Kxg4 Nxa5 87. Kf3 Nc4 88. Ke2 Nb6 89. Bxb6 1/2-1/2

[Event "Regionalliga Mittelrhein 1213"]
[Site "Germany"]
[Date "2012.09.09"]
[Round "1.8"]
[White "Budelsky, Dietmar"]
[Black "Feldmann, Guido"]
[Result "1/2-1/2"]
[WhiteElo "1866"]
[BlackElo "1901"]
[PlyCount "36"]
[EventDate "2012.09.09"]
[EventType "team"]
[EventRounds "11"]
[EventCountry "GER"]
[SourceTitle "EXT 2015"]
[Source "ChessBase"]
[SourceDate "2014.11.20"]
[SourceVersion "1"]
[SourceVersionDate "2014.11.20"]
[SourceQuality "1"]
[WhiteTeam "Pulheim"]
[BlackTeam "Koeln SF II"]
[WhiteTeamCountry "GER"]
[BlackTeamCountry "GER"]

1. d4 d5 2. Nf3 Nf6 3. Bg5 Ne4 4. h4 h6 5. Bf4 e6 6. Nbd2 Nxd2 7. Qxd2 Bd6 8. c3 Qe7 9. g3 Nd7 10. Bh3 b6 11. Qe3 Bb7 12. Ne5 Bxe5 13. Bxe5 Nxe5 14. Qxe5 0-0 15. 0-0 Rae8 16. f4 f6 17. Qh5 Qf7 18. Qxf7+ Rxf7 1/2-1/2

[Event "Moehnesee Cup 36th"]
[Site "Moehnesee"]
[Date "2010.08.28"]
[Round "4"]
[White "Budelsky, Dietmar"]
[Black "Rueberg, Jobst"]
[Result "0-1"]
[WhiteElo "2015"]
[BlackElo "2144"]
[PlyCount "98"]
[EventDate "2010.08.26"]
[EventType "swiss"]
[EventRounds "7"]
[EventCountry "GER"]
[SourceTitle "EXT 2011"]
[Source "ChessBase"]
[SourceDate "2010.11.26"]
[SourceVersion "1"]
[SourceVersionDate "2010.11.26"]
[SourceQuality "1"]

1. d4 Nf6 2. Nf3 e6 3. Bg5 c5 4. e3 Be7 5. c3 cxd4 6. exd4 b6 7. Nbd2 Bb7 8. Bd3 d6 9. 0-0 Nbd7 10. Qe2 0-0 11. Rfe1 Re8 12. Bb5 a6 13. Ba4 Rb8 14. a3 b5 15. Bc2 Bc6 16. Bf4 a5 17. h3 Qc7 18. Bh2 Qb7 19. Ne4 Nxe4 20. Bxe4 Rbc8 21. Bxc6 Qxc6 22. Qd2 Nb6 23. Re2 h6 24. Qd3 Bf8 25. Nd2 Ra8 26. Qe4 d5 27. Qd3 b4 28. axb4 axb4 29. Rc1 bxc3 30. Rxc3 Ra1+ 31. Nf1 Qa4 32. Bf4 Qb4 33. g4 Nd7 34. Kg2 Be7 35. Rb3 Qa4 36. Ne3 Qa8 37. f3 Bf6 38. Nc2 Ra4 39. Qb5 Nf8 40. Rd2 Ng6 41. Bg3 Bg5 42. Rdd3 Nf4+ 43. Bxf4 Bxf4 44. Ra3 Rxa3 45. Rxa3 Qd8 46. Qa5 Qf6 47. Qa4 Rc8 48. Ne1 Qh4 49. Ra1 Qg3+ 0-1